INFOS '97 zborník z 27. informatického seminára konaného v dňoch 14. - 17. apríla 1997 v Jasnej pod Chopkom

Salvato in:
Dettagli Bibliografici
Ente Autore: INFOS '97. Informatický seminár
Altri autori: Nedorostová, Eva, Androvič, Alojz
Natura: Libro
Lingua:slovacco
inglese
Pubblicazione: Bratislava Centrum vedecko-technických informácií SR 1997
Soggetti:
Tags: Aggiungi Tag
Nessun Tag, puoi essere il primo ad aggiungerne!!

MARC

LEADER 00000nam$a2200000$$$4500
001 0028884
005 20240223083945.9
020 |a 80-85165-63-5 
041 0 |a slo 
041 0 |a eng 
044 |a SK 
245 1 0 |a INFOS '97  |b zborník z 27. informatického seminára konaného v dňoch 14. - 17. apríla 1997 v Jasnej pod Chopkom  |c zostavili: Eva Nedorostová, Alojz Androvič 
264 1 |a Bratislava  |b Centrum vedecko-technických informácií SR  |c 1997 
300 |a 246 s. 
610 2 0 |a knižnice 
610 2 0 |a knihoveda 
610 2 0 |a knihy 
610 2 0 |a služby informačné 
610 2 0 |a informatizácia 
610 2 0 |a internet 
610 2 0 |a periodiká 
610 2 0 |a marketing 
610 2 0 |a automatizácia 
610 2 0 |a multimédiá 
610 2 0 |a modely 
610 2 0 |a projekty 
700 1 |a Nedorostová, Eva 
700 1 |a Androvič, Alojz 
110 2 |a INFOS '97. Informatický seminár